| 000 | 01153cam a2200289 a 4500 | ||
|---|---|---|---|
| 001 | 000002899 | ||
| 005 | 20200929150259.0 | ||
| 008 | 020105s2001 mx a b 001 p spa | ||
| 010 | _a2002315071 | ||
| 040 |
_aDO-SdBNP _cDLC _dDLC |
||
| 082 |
_aPR861.608 _bC961p |
||
| 245 | 0 | 0 |
_aCuatro poetas cósmicos puertorriqueños / _cEvaristo Ribera ... [et al.]. ; prólogo y análisis arquetípico de Fredo Arias de la Canal. |
| 246 | 3 | _a4 poetas cósmicos puertorriqueños | |
| 260 |
_aMéxico : _bFrente de Afirmación Hispanista, _c2001. |
||
| 300 |
_axxv, 259 p. : _bil. ; _c23 cm. |
||
| 504 | _aIncluye referencias bibliográficas (p. 253-254). | ||
| 505 | 0 | _aEvaristo Ribera Chevremont -- Julia de Burgos -- Francisco Matos Paoli -- Lolita Lebron. | |
| 650 | 4 |
_aPoesía puertoriqueña _xColecciones _99207 |
|
| 650 | 4 |
_aLiteratura puertoriqueña _96540 |
|
| 700 | 1 |
_aRibera Chevremont, Evaristo, _d1896-1976. _99208 |
|
| 700 | 1 |
_aBurgos, Julia de _99209 |
|
| 700 | 1 |
_aMatos Paoli, Francisco _99210 |
|
| 700 | 1 |
_aLebrón, Lolita _99211 |
|
| 700 | 1 |
_aArias de la Canal, Fredo, _epról. _98096 |
|
| 910 | _aCatalogación por copia / LC | ||
| 910 | _aWM | ||
| 999 |
_c2733 _d2733 |
||